| 000 | 00951nam a2200301 a 4500 | ||
|---|---|---|---|
| 003 | BLK | ||
| 005 | 20240215165054.0 | ||
| 008 | 180411b bul|||||r ||||||| ||bul|| | ||
| 020 | _a9786190212935 | ||
| 040 | _aBLK | ||
| 041 |
_aBUL _cBUL |
||
| 080 |
_aАмериканска литература (на САЩ) _b821.111(73) _z821.111(73)-31 |
||
| 100 |
_aДауни, Майк _9489700 |
||
| 245 | 1 | 0 |
_aЗлатото на Истрия _cМайк Дауни; прев. от англ. Надя Баева. |
| 257 | _aBGR | ||
| 260 |
_bКолибри _c2023 _aСофия |
||
| 300 |
_a512 с. _c20 см |
||
| 380 | _aX | ||
| 504 | _a593-595 с. | ||
| 700 |
_aБаева, Надя Димитрова _eпрев. _9383768 |
||
| 856 | 4 | _qpdf | |
| 856 | 4 | _qpdf | |
| 942 |
_cKNG _n0 _s1 _015 |
||
| 944 |
_cНора Радева _k30576 _lЦветомила Тодорова |
||
| 999 |
_c497880 _d497880 |
||
| 999 | _d497880 | ||
| 999 | _d204660 | ||